Score 0/25 Timer 06:00
0 Plays Today
% Correct
quadrilateral
86.9%
quesadilla
86.8%
quotation
86.6%
questionnaire
86.3%
quartz
85.8%
quiche
85.1%
quiver
84.6%
quarry
84.4%
quicksilver
83.6%
qwerty
83.1%
quinoa
82.4%
quintessential
81.8%
quizzical
81%
% Correct
quid
78.5%
quadruped
77.1%
quagmire
75.2%
quell
74.6%
quark
74.3%
qualm
70%
quay
68.7%
quaff
67.8%
quagga
67.3%
quiff
61.4%
quibble
59.6%
quern
58.2%
Remove Ads.
Support Sporcle.
Get the best of Sporcle when you Go Orange. This ad-free experience offers more features, more stats, and more fun while also helping to support Sporcle. Thank you for becoming a member.

You're not logged in!

Compare scores with friends on all Sporcle quizzes.
OR
Log In

Show Comments

Extras

Top Quizzes Today


Score Distribution

Your Account Isn't Verified!

In order to create a playlist on Sporcle, you need to verify the email address you used during registration. Go to your Sporcle Settings to finish the process.

Report this User

Report this user for behavior that violates our Community Guidelines.

Details: